000 004430000a22001810004500
003 MACL
005 20150902142514.0
008 150902b xxu||||| |||| 00| 0 eng d
040 _aMACL
_cMACL
041 _aEnglish
082 _a800/SHA
100 _aSharma, K K
_98612
245 _aRabindranath Tagore Aesthetics
260 _bAbhinav Publications
_c1988
_aNew Delhi
350 _a70
650 _aLiterature
_98613
942 _cBK
_k800
_2ddc
999 _c5056
_d5056